Killing Me Softly - all lyrics - Statistics

General Stats
  • This quiz has been taken 292 times
  • The average score is 207 of 253
Answer Stats
Answer % Correct
so
99%
with
99%
his
98%
me
98%
me,
98%
Killing
97%
killing
97%
my
97%
softly
97%
softly,
97%
song,
97%
song
97%
song.
97%
a
93%
words.
93%
words
93%
words,
93%
he
92%
He
92%
I
92%
life
92%
life,
92%
fingers,
89%
And
83%
and
83%
the
83%
pain
81%
to
80%
whole
80%
singing
78%
Strumming
77%
was
77%
for
76%
on.
74%
while.
74%
heard
73%
this
71%
young
70%
there
69%
there.
69%
there,
69%
had
68%
eyes.
66%
sang
66%
telling
66%
good
65%
boy,
63%
him
63%
stranger
63%
stranger,
63%
see
62%
listen
61%
one
58%
came
56%
just
56%
but
55%
But
55%
right
54%
that
53%
all
52%
kept
51%
out
51%
read
48%
loud.
47%
each
46%
style.
46%
would
46%
found
43%
felt
41%
finish,
41%
letters
41%
then
41%
by
40%
in
40%
fever,
39%
prayed
38%
flushed
36%
knew
33%
embarrassed
30%
as
29%
crowd.
29%
if
29%
through
26%
looked
23%
wasn't
21%
strong.
14%
dark
12%
clear
9%
despair.
9%
No matching quizzes found
Score Distribution
Percent of People with Each Score
Percentile by Number Answered
Your Score History
You have not taken this quiz